000
00246nam a2200097Ia 4500
001
683982
005
20250826161448.0
008
250824s9999 xx 000 0 und d
245
0
_a
MAHALLE SIBYAN MEKTEBİ
_c
İSMAİL KARA
260
_b
DERGAH YAYINLARI
999
_c
683982
_d
683982